[Event "Elit(LASK-Rockaden)"]
[Site "?"]
[Date "2008.03.07"]
[Round "9"]
[White "Hedman, Erik"]
[Black "Dragicevic, Drazen"]
[Result "1/2-1/2"]
[WhiteElo "2435"]
[BlackElo "2348"]
[PlyCount "41"]

1. e4 c5 2. c3 d5 3. exd5 Qxd5 4. d4 Nc6 5. Nf3 Nf6 6. Be2 e6 7. O-O cxd4 8.
cxd4 Be7 9. Nc3 Qd8 10. Bf4 O-O 11. Qd2 b6 12. Rac1 Bb7 13. Rfd1 Nb4 14. Be5
Rc8 15. Qg5 Nbd5 16. Bd3 h6 17. Qg3 Nh5 18. Qg4 Nhf6 19. Qg3 Nh5 20. Qg4 Nhf6
21. Qg3 1/2-1/2

[Event "Elit(LASK-Rockaden)"]
[Site "?"]
[Date "2008.03.07"]
[Round "9"]
[White "Gajic, Mladen"]
[Black "Bator, Robert"]
[Result "1/2-1/2"]
[WhiteElo "2220"]
[BlackElo "2413"]
[PlyCount "87"]

1. e4 c5 2. c3 d5 3. exd5 Qxd5 4. d4 Nc6 5. Nf3 Nf6 6. dxc5 Qxd1+ 7. Kxd1 Bg4
8. Bb5 e6 9. b4 Be7 10. Nbd2 Nd5 11. Bb2 O-O 12. h3 Bh5 13. g4 Bg6 14. Bxc6
bxc6 15. Ne5 f5 16. f3 Be8 17. Kc2 Ne3+ 18. Kb3 Rb8 19. Ka4 Bxc5 20. Ndc4 fxg4
21. fxg4 Nxc4 22. Nxc4 Bxb4 23. Rhf1 c5+ 24. Kb3 Ba5+ 25. Ka3 Rxf1 26. Rxf1 Bb5
27. Rf4 Bc7 28. Re4 Bxc4 29. Rxc4 Kf7 30. Bc1 Bd6 31. Ka4 Rb6 32. Be3 Ra6+ 33.
Kb5 Rxa2 34. Bxc5 a6+ 35. Kc6 Bxc5 36. Kxc5 Kf6 37. h4 Rh2 38. g5+ Ke5 39. Kb6
Kd5 40. Rc5+ Kd6 41. Rc6+ Ke5 42. Rc5+ Kd6 43. Rc6+ Ke5 44. Rc5+ 1/2-1/2

[Event "Elit(Manhem-Solna)"]
[Site "?"]
[Date "2008.03.07"]
[Round "9"]
[White "Jonsson, Mikael"]
[Black "Carlhammar, Magnus"]
[Result "1-0"]
[WhiteElo "2324"]
[BlackElo "2356"]
[PlyCount "67"]

1. d4 Nf6 2. c4 g6 3. Nc3 d5 4. h4 h6 5. cxd5 Nxd5 6. e4 Nxc3 7. bxc3 Bg7 8.
Be3 c5 9. Qd2 Qa5 10. Rc1 cxd4 11. cxd4 Qxd2+ 12. Kxd2 O-O 13. Bb5 Rd8 14. Ne2
Nc6 15. Bxc6 bxc6 16. Rhd1 Ba6 17. Ke1 Rab8 18. Rxc6 Bxe2 19. Kxe2 Rb2+ 20. Kf3
Rxa2 21. h5 g5 22. Rc7 e6 23. d5 f5 24. dxe6 fxe4+ 25. Kg4 Re8 26. Rdd7 Be5 27.
Re7 Rf8 28. Rxa7 Rc2 29. Rf7 Re8 30. Rae7 Rec8 31. Kf5 Bh8 32. Kg6 R2c4 33. Rh7
R4c6 34. Rxh6 1-0

[Event "Elit(Manhem-Solna)"]
[Site "?"]
[Date "2008.03.07"]
[Round "9"]
[White "Sagit, Rauan"]
[Black "Lindberg, Bengt"]
[Result "1/2-1/2"]
[WhiteElo "2458"]
[BlackElo "2344"]
[PlyCount "130"]

1. e4 c5 2. Nf3 e6 3. d4 cxd4 4. Nxd4 Nc6 5. c3 Nf6 6. Nxc6 bxc6 7. e5 Nd5 8.
Bd3 f5 9. a3 a5 10. c4 Ne7 11. Qe2 Ng6 12. g4 Qh4 13. gxf5 exf5 14. Bxf5 Bc5
15. Bxg6+ hxg6 16. Nc3 O-O 17. Be3 Bxe3 18. Qxe3 Rb8 19. O-O-O Qxf2 20. Qxf2
Rxf2 21. Na4 Rf4 22. Rd6 Ba6 23. Nc3 Bxc4 24. Rxd7 Rf2 25. Nd1 Re2 26. Rg1 Be6
27. Rd2 Rxe5 28. Rxg6 Rc5+ 29. Nc3 Bf5 30. Rg3 Kh7 31. Re2 Rb7 32. h4 g6 33.
Rg5 Kh6 34. Reg2 Re5 35. Rg1 Rbe7 36. Rd1 Re1 37. Rg1 Rxg1 38. Rxg1 Re3 39. Rd1
Rh3 40. Rd6 Rh1+ 41. Kd2 Rh2+ 42. Ke3 Rxb2 43. Rxc6 Rb3 44. a4 Bd7 45. Rc5 Bxa4
46. Kd4 Rb4+ 47. Ke3 Rxh4 48. Rxa5 Rh3+ 49. Kd4 Bc6 50. Rc5 Bf3 51. Rc8 Kg5 52.
Rf8 Kg4 53. Nb5 g5 54. Nd6 Kg3 55. Rg8 g4 56. Ke5 Rh1 57. Nf5+ Kf2 58. Kf4 Ra1
59. Rd8 Ra4+ 60. Rd4 Ra8 61. Rd2+ Ke1 62. Rb2 Rf8 63. Kg5 Be2 64. Ng3 Bf3 65.
Nf5 Be2 1/2-1/2

[Event "Elit(Manhem-Solna)"]
[Site "?"]
[Date "2008.03.07"]
[Round "9"]
[White "Johansson, Gunnar"]
[Black "Nithander, Victor"]
[Result "1/2-1/2"]
[WhiteElo "2296"]
[BlackElo "2404"]
[PlyCount "87"]

1. d4 Nf6 2. Nf3 g6 3. c4 Bg7 4. g3 c6 5. Bg2 d5 6. cxd5 cxd5 7. O-O O-O 8. Nc3
Ne4 9. Nxe4 dxe4 10. Ng5 Qxd4 11. Qxd4 Bxd4 12. Nxe4 Nc6 13. e3 Bg7 14. Bd2 Rd8
15. Bc3 Bxc3 16. Nxc3 Bd7 17. Rfd1 Be8 18. Nb5 Rdc8 19. Bh3 f5 20. e4 Ne5 21.
Nd4 Rc4 22. Bg2 fxe4 23. b3 Rb4 24. Nc2 Rb6 25. Bxe4 Bc6 26. Bxc6 Rxc6 27. Nb4
Re6 28. Kg2 Ng4 29. Re1 Rxe1 30. Rxe1 Kf7 31. Nd5 Re8 32. Re4 Nf6 33. Nxf6 Kxf6
34. Ra4 a6 35. Rb4 b5 36. a4 Rb8 37. f4 Rb7 38. Kf3 h5 39. Ke4 e6 40. h3 Rb8
41. g4 hxg4 42. hxg4 Rb7 43. axb5 axb5 44. Ke3 1/2-1/2

[Event "Elit(Manhem-Solna)"]
[Site "?"]
[Date "2008.03.07"]
[Round "9"]
[White "Akesson, Joel"]
[Black "Bergstrom, Christer"]
[Result "0-1"]
[WhiteElo "2351"]
[BlackElo "2333"]
[PlyCount "86"]

1. d4 Nf6 2. c4 e6 3. Nf3 b6 4. a3 Bb7 5. Nc3 Ne4 6. Nxe4 Bxe4 7. Nd2 Bb7 8. e4
g6 9. Bd3 Bg7 10. Nf3 d6 11. O-O O-O 12. Bg5 f6 13. Bh4 Nd7 14. b4 c5 15. Rb1
cxd4 16. Nxd4 Qe7 17. Nf3 Rfd8 18. Qb3 Kh8 19. Rfd1 e5 20. Ne1 Nf8 21. Nc2 Ne6
22. f3 Nf4 23. Ne3 Bh6 24. Bf2 Qf7 25. Nd5 f5 26. Nxf4 Bxf4 27. Qc2 Rac8 28.
exf5 gxf5 29. Bxf5 Rxc4 30. Qd3 Rg8 31. Bh3 Rg6 32. Qf5 Qg7 33. Kh1 Bc8 34. Qh5
Bxh3 35. Qxh3 Rh6 36. Bh4 Bg5 37. g3 Bxh4 38. gxh4 Rhxh4 39. Qe6 Rxh2+ 40. Kxh2
Rc2+ 41. Kh3 Qg2+ 42. Kh4 Qh2+ 43. Qh3 Rc4+ 0-1

[Event "Elit(Manhem-Solna)"]
[Site "?"]
[Date "2008.03.07"]
[Round "9"]
[White "Steneskog, Per"]
[Black "Andersson, Bjorn"]
[Result "0-1"]
[WhiteElo "2231"]
[BlackElo "2334"]
[PlyCount "75"]

1. d4 Nf6 2. c4 g6 3. Nc3 Bg7 4. e4 d6 5. f4 c5 6. d5 e6 7. Nf3 exd5 8. cxd5
O-O 9. Be2 Bg4 10. O-O Nbd7 11. h3 Bxf3 12. Bxf3 a6 13. Re1 Re8 14. a4 c4 15.
Be3 Qa5 16. Kh1 Nc5 17. Bxc5 Qxc5 18. a5 Nd7 19. Qa4 Rad8 20. Rac1 Qd4 21. Ne2
Nc5 22. Qxe8+ Rxe8 23. Nxd4 Bxd4 24. Rxc4 Bxb2 25. Rb1 Bf6 26. e5 Bd8 27. Rxc5
dxc5 28. Rxb7 Bxa5 29. Ra7 c4 30. Rxa6 Bd2 31. g3 c3 32. Rc6 Rb8 33. Be4 Rb4
34. Bc2 Rb2 35. Bd3 Be1 36. d6 Rd2 37. d7 Rxd3 38. Rc8+ 0-1

[Event "Elit(Manhem-Solna)"]
[Site "?"]
[Date "2008.03.07"]
[Round "9"]
[White "Vas, Peter"]
[Black "Karlsson, Tomas"]
[Result "1/2-1/2"]
[WhiteElo "2209"]
[BlackElo "2293"]
[PlyCount "65"]

1. e4 e6 2. d4 d5 3. Nd2 Nf6 4. e5 Nfd7 5. Bd3 c5 6. c3 Nc6 7. Ne2 cxd4 8. cxd4
f6 9. exf6 Nxf6 10. O-O Bd6 11. Nf3 O-O 12. Bf4 Bxf4 13. Nxf4 Ne4 14. Ne2 Rxf3
15. gxf3 Ng5 16. f4 Nh3+ 17. Kh1 Qh4 18. Qd2 Nxf2+ 19. Kg2 Ng4 20. h3 Nh6 21.
Qe3 Qf6 22. Rad1 Bd7 23. Bb1 Rf8 24. Ng1 Be8 25. Nf3 Bg6 26. Rfe1 Bxb1 27. Rxb1
Re8 28. Rbd1 Nf5 29. Qf2 Qh6 30. Ng5 Qf6 31. Nf3 Qh6 32. Ng5 Qf6 33. Nf3
1/2-1/2

[Event "Elit(Manhem-Solna)"]
[Site "?"]
[Date "2008.03.07"]
[Round "9"]
[White "Landgren, Andreas"]
[Black "Schneider, Lars-Ake"]
[Result "1/2-1/2"]
[WhiteElo "2198"]
[BlackElo "2336"]
[PlyCount "61"]

1. d4 Nf6 2. c4 e6 3. Nc3 Bb4 4. Qc2 c5 5. dxc5 O-O 6. a3 Bxc5 7. Nf3 Nc6 8.
Bg5 Be7 9. Rd1 Ne8 10. Bf4 f5 11. h3 b6 12. e3 Bb7 13. Be2 Qc8 14. b4 d6 15.
O-O e5 16. Bh2 Nf6 17. c5 dxc5 18. Qb3+ Kh8 19. Nxe5 cxb4 20. axb4 Bxb4 21. Nb5
Nxe5 22. Qxb4 Qc6 23. f3 Nd5 24. Rxd5 Qxd5 25. Nc7 Qa2 26. Nxa8 Rxa8 27. Bxe5
Qxe2 28. Qe7 Rg8 29. Bxg7+ Rxg7 30. Qf8+ Rg8 31. Qf6+ 1/2-1/2

[Event "Elit(Manhem-Solna)"]
[Site "?"]
[Date "2008.03.07"]
[Round "9"]
[White "Moberg, Karl Johan"]
[Black "Bergstrom, Magnus"]
[Result "0-1"]
[WhiteElo "2305"]
[BlackElo "2206"]
[PlyCount "79"]

1. d4 Nf6 2. c4 g6 3. Nc3 d5 4. cxd5 Nxd5 5. e4 Nxc3 6. bxc3 Bg7 7. Bc4 O-O 8.
Ne2 Nc6 9. O-O b6 10. Bg5 Bb7 11. Qd2 Qd6 12. Bh6 e6 13. Rad1 Na5 14. Bd3 f5
15. Bxg7 Kxg7 16. e5 Qe7 17. Nf4 Rac8 18. c4 Rfd8 19. Qc3 Kh6 20. Be2 Re8 21.
Rd3 c5 22. Rh3+ Kg7 23. Qg3 Kf8 24. d5 exd5 25. cxd5 Kg8 26. e6 Red8 27. Rd1 c4
28. Rh6 Qg7 29. Qg5 c3 30. Bf3 c2 31. Rc1 Nc4 32. Nxg6 Re8 33. Rxc2 Ne5 34.
Rxc8 Bxc8 35. d6 Nxg6 36. h4 Bxe6 37. d7 Bxd7 38. Bd5+ Kh8 39. h5 Re1+ 40. Kh2
0-1

[Event "Elit(Upsala-Kamraterna)"]
[Site "?"]
[Date "2008.03.07"]
[Round "9"]
[White "Aberg, Anton"]
[Black "Johansson, Jan"]
[Result "1-0"]
[WhiteElo "2393"]
[BlackElo "2489"]
[PlyCount "80"]

1. d4 Nf6 2. c4 e6 3. g3 Bb4+ 4. Bd2 c5 5. Bxb4 cxb4 6. Bg2 O-O 7. Nf3 d5 8.
Nbd2 Nc6 9. O-O b6 10. Re1 Bb7 11. cxd5 exd5 12. Nb3 Re8 13. Nc1 Ne4 14. Nd3
Qf6 15. e3 Rad8 16. Nd2 Ba6 17. Nxe4 dxe4 18. Nf4 g5 19. Nh5 Qg6 20. g4 Bb7 21.
f3 exf3 22. Qxf3 Rd6 23. Rf1 Re7 24. Ng3 Nxd4 25. Qf2 Ne6 26. Nf5 Rdd7 27.
Nxe7+ Rxe7 28. Rad1 Ba6 29. Rfe1 Nc5 30. Rd8+ Kg7 31. Qd2 Qe6 32. Qxb4 f6 33.
Qd4 Nd3 34. Rd1 Ne5 35. h3 Be2 36. Bd5 Nf3+ 37. Bxf3 Bxf3 38. Rf1 Qe4 39. Rd6
Rf7 40. Qxe4 Bxe4 1-0

[Event "Elit(Upsala-Kamraterna)"]
[Site "?"]
[Date "2008.03.07"]
[Round "9"]
[White "Hamark, Jesper"]
[Black "Jansson, Borje"]
[Result "0-1"]
[WhiteElo "2380"]
[BlackElo "2297"]
[PlyCount "68"]

1. d4 Nf6 2. c4 g6 3. Nc3 Bg7 4. e4 d6 5. Nf3 O-O 6. h3 c6 7. Bg5 Nbd7 8. e5
Ne8 9. Qd2 c5 10. exd6 Nxd6 11. d5 Nf6 12. Bd3 Bf5 13. O-O Qc8 14. Rfe1 Re8 15.
Re2 Bxd3 16. Qxd3 Qf5 17. Qxf5 gxf5 18. Nd2 e5 19. Rae1 Nd7 20. g4 f6 21. Bh4
Bh6 22. b3 Kf7 23. f3 Rg8 24. Nf1 Rae8 25. Bg3 Bf8 26. Kh2 h5 27. gxf5 Nxf5 28.
Bf2 Bh6 29. Ne4 Bf4+ 30. Kh1 Rg7 31. Nxc5 Nxc5 32. Bxc5 Reg8 33. Bxa7 Nh4 34.
Nd2 Rg3 0-1

[Event "Elit(Upsala-Kamraterna)"]
[Site "?"]
[Date "2008.03.07"]
[Round "9"]
[White "Andersson, Fredrik"]
[Black "Andreasson, Ingvar"]
[Result "1/2-1/2"]
[WhiteElo "2316"]
[BlackElo "2398"]
[PlyCount "118"]

1. e4 c5 2. Nf3 e6 3. Nc3 a6 4. d4 cxd4 5. Nxd4 d6 6. Bd3 g6 7. O-O Bg7 8. Nb3
Nc6 9. Bd2 Nf6 10. f4 O-O 11. Qf3 Qc7 12. Rae1 b5 13. Nd1 Bb7 14. Qh3 a5 15. a3
a4 16. Nc1 b4 17. Na2 bxa3 18. bxa3 Na5 19. Bb4 Rfe8 20. Kh1 Nc6 21. Bd2 d5 22.
e5 Ne4 23. Bc1 Nd4 24. Ne3 Nf5 25. Ng4 h5 26. Nf2 Nxf2+ 27. Rxf2 Bf8 28. Bd2
Qc5 29. Rf3 d4 30. Bb4 Qd5 31. Be4 Qd7 32. Bxb7 Qxb7 33. c3 Qd5 34. Bxf8 Qxa2
35. Bb4 Red8 36. Rd3 Qf2 37. Red1 Qxf4 38. cxd4 Rac8 39. Bc5 Rxc5 40. dxc5 Rc8
41. Rd8+ Rxd8 42. Rxd8+ Kg7 43. Rd1 Qc4 44. Qf3 Qxc5 45. Re1 Qa5 46. Re4 Qc5
47. g3 Qc2 48. Kg1 Qc1+ 49. Kg2 Qc2+ 50. Kg1 Qc1+ 51. Kg2 g5 52. h3 Kg6 53. Kh2
Kh6 54. Re2 Qc4 55. Re4 Qc6 56. Re3 Qc7 57. Re2 Qc4 58. Re4 Qc7 59. Re2 Qc4
1/2-1/2

[Event "Elit(Upsala-Kamraterna)"]
[Site "?"]
[Date "2008.03.07"]
[Round "9"]
[White "Svenn, Gosta"]
[Black "Glimbrandt, Torbjorn"]
[Result "1-0"]
[WhiteElo "2358"]
[BlackElo "2313"]
[PlyCount "81"]

1. d4 d5 2. c4 e6 3. Nf3 Nf6 4. g3 Bb4+ 5. Bd2 Be7 6. Bg2 O-O 7. O-O c6 8. Qc2
b6 9. Rd1 Bb7 10. Bf4 Nbd7 11. Nc3 Rc8 12. e4 dxe4 13. Nxe4 Nxe4 14. Qxe4 Nf6
15. Qc2 Bd6 16. Ne5 Nh5 17. Be3 Qc7 18. c5 bxc5 19. Nc4 Be7 20. dxc5 Ba6 21.
Nd6 Rb8 22. a3 Rfd8 23. Bf3 Nf6 24. Bf4 Nd5 25. Bxd5 cxd5 26. Nxf7 Qc6 27. Bxb8
Kxf7 28. Be5 Kg8 29. Qc3 Bb7 30. Qd4 Bxc5 31. Qg4 g6 32. Rac1 d4 33. f3 d3+ 34.
Kg2 d2 35. Rxc5 Qxc5 36. Qxe6+ Kf8 37. Bf4 g5 38. Qf6+ Ke8 39. Qe6+ Kf8 40.
Qf6+ Ke8 41. Bxg5 1-0

[Event "Elit(Upsala-Kamraterna)"]
[Site "?"]
[Date "2008.03.07"]
[Round "9"]
[White "Lindberg, Henrik"]
[Black "Haggstrom, Olle"]
[Result "1-0"]
[WhiteElo "2288"]
[BlackElo "2239"]
[PlyCount "99"]

1. e4 e6 2. d4 d5 3. Nc3 Bb4 4. e5 c5 5. dxc5 Nc6 6. Nf3 d4 7. a3 Ba5 8. b4
dxc3 9. bxa5 Qxd1+ 10. Kxd1 Nge7 11. Bd3 Nxa5 12. Ng5 Nac6 13. f4 f6 14. exf6
gxf6 15. Ne4 Nd5 16. Bc4 Nce7 17. Nd6+ Kd7 18. Rb1 b6 19. Ne4 Kc7 20. Rb3 Rg8
21. g3 bxc5 22. Nxc5 Rd8 23. Ke2 Rd6 24. Ne4 Rc6 25. Bb5 Rb6 26. Nxc3 Bb7 27.
Re1 Nf5 28. Nxd5+ Bxd5 29. Rc3+ Kd6 30. Bd3 Nd4+ 31. Kf2 Nf3 32. Rd1 Nxh2 33.
a4 Ng4+ 34. Ke2 Rc6 35. Ba3+ Kc7 36. Rxc6+ Kxc6 37. c4 Bg2 38. Rg1 Rb8 39. Rxg2
Rb3 40. Bc1 Rb4 41. Bd2 Rxa4 42. Rg1 Ra3 43. Bxh7 f5 44. Bg6 Nf6 45. Be3 Ng4
46. Bd4 Ra2+ 47. Kd3 Ra3+ 48. Kd2 Ra2+ 49. Kc3 Ra3+ 50. Kb4 1-0

[Event "Elit(Upsala-Kamraterna)"]
[Site "?"]
[Date "2008.03.07"]
[Round "9"]
[White "Svenn, Matti"]
[Black "Burwick, Malte"]
[Result "0-1"]
[WhiteElo "2246"]
[BlackElo "2285"]
[PlyCount "96"]

1. e4 g6 2. d4 Bg7 3. Nc3 d6 4. Bg5 a6 5. Qd2 Nd7 6. Nf3 b5 7. a4 b4 8. Nd5 a5
9. c3 c6 10. Ne3 bxc3 11. bxc3 Ngf6 12. Qc2 Qc7 13. Bd3 O-O 14. O-O e5 15. Rab1
Re8 16. h3 Ba6 17. Bxa6 Rxa6 18. dxe5 dxe5 19. Nc4 Nc5 20. Nfd2 Nfd7 21. Rb2
Raa8 22. Rfb1 Rab8 23. Rxb8 Rxb8 24. Be7 Rxb1+ 25. Qxb1 Bf8 26. Bxf8 Kxf8 27.
Qa2 Kg7 28. Qa3 Qa7 29. Qa2 Nd3 30. Nb3 N7c5 31. Nxc5 Qxc5 32. g3 Nc1 33. Qc2
Qxc4 34. Qxc1 Qxa4 35. Qe3 Qc4 36. h4 h5 37. g4 hxg4 38. h5 a4 39. hxg6 Kxg6
40. f4 exf4 41. Qxf4 Qc5+ 42. Kh2 Qg5 43. Qb8 Qh4+ 44. Kg1 Qe1+ 45. Kh2 Qf2+
46. Kh1 g3 47. Qg8+ Kh5 48. Qh8+ Kg4 0-1

[Event "Elit(Upsala-Kamraterna)"]
[Site "?"]
[Date "2008.03.07"]
[Round "9"]
[White "Marttala, Thomas"]
[Black "Madebrink, Lars"]
[Result "1/2-1/2"]
[WhiteElo "2272"]
[BlackElo "2259"]
[PlyCount "68"]

1. Nf3 Nf6 2. c4 g6 3. Nc3 Bg7 4. g3 O-O 5. Bg2 c6 6. e4 d6 7. O-O e5 8. d3
Nbd7 9. h3 a5 10. Be3 Qe7 11. Re1 Nc5 12. Qd2 Re8 13. Rad1 Qf8 14. Qc2 Nh5 15.
d4 exd4 16. Bxd4 f5 17. Bxg7 Nxg7 18. e5 dxe5 19. Rxe5 Be6 20. Na4 Nxa4 21.
Qxa4 Qb4 22. Qxb4 axb4 23. b3 Rxa2 24. Ng5 h6 25. Nxe6 Rxe6 26. Rd8+ Kf7 27.
Rd7+ Ke8 28. Rxe6+ Kxd7 29. Rxg6 Ne6 30. Rxh6 Nc5 31. h4 Nxb3 32. Rh7+ Kd6 33.
Rxb7 Kc5 34. Bxc6 Kxc6 1/2-1/2

[Event "Elit(Manhem-Wasa)"]
[Site "?"]
[Date "2008.03.08"]
[Round "10"]
[White "Wedberg, Tom"]
[Black "Nithander, Victor"]
[Result "1-0"]
[WhiteElo "2556"]
[BlackElo "2404"]
[PlyCount "65"]

1. c4 g6 2. g3 Bg7 3. Bg2 d6 4. Nc3 c5 5. Rb1 Nc6 6. a3 e5 7. b4 Nge7 8. e3 O-O
9. Nge2 cxb4 10. axb4 Be6 11. Nd5 Qd7 12. b5 Na5 13. Qa4 Bxd5 14. cxd5 b6 15.
O-O Rfc8 16. Nc3 f5 17. Na2 e4 18. d3 exd3 19. Nb4 a6 20. Nc6 axb5 21. Qxb5
Naxc6 22. dxc6 Nxc6 23. Qxd3 Rab8 24. Ba3 Na5 25. Bxd6 Kh8 26. Rfd1 Rc3 27.
Qxc3 Bxc3 28. Be5+ Bxe5 29. Rxd7 Nc4 30. Bd5 Na3 31. Rb3 Nc2 32. Bb7 Bf6 33.
Rxb6 1-0

[Event "Elit(Manhem-Wasa)"]
[Site "?"]
[Date "2008.03.08"]
[Round "10"]
[White "Winsnes, Rikard"]
[Black "Hellborg, Teodor"]
[Result "1-0"]
[WhiteElo "2493"]
[BlackElo "2384"]
[PlyCount "129"]

1. e4 c5 2. Nf3 e6 3. d4 cxd4 4. Nxd4 Nf6 5. Nc3 Nc6 6. Ndb5 d6 7. Bf4 e5 8.
Bg5 a6 9. Na3 b5 10. Bxf6 gxf6 11. Nd5 Bg7 12. c3 f5 13. exf5 Bxf5 14. Nc2 Be6
15. g3 Ne7 16. Nxe7 Qxe7 17. Bg2 Rc8 18. O-O O-O 19. Ne3 Kh8 20. Qh5 f5 21. Bd5
Bd7 22. Rad1 a5 23. Bg2 Be6 24. Rd2 e4 25. Nd5 Qe8 26. Qxe8 Rfxe8 27. Bh3 Bh6
28. Rdd1 Rc5 29. Nf6 Re7 30. Rxd6 e3 31. fxe3 Bxe3+ 32. Kg2 b4 33. Rd3 Bc8 34.
Rd8+ Kg7 35. Ne8+ Kh6 36. Nd6 Be6 37. Bxf5 bxc3 38. bxc3 Rxc3 39. Bxe6 Rxe6 40.
Nf5+ Kg5 41. h4+ Kg4 42. Rg8+ Rg6 43. Nxe3+ Rxe3 44. Rf4+ Kh5 45. Rf5+ Kh6 46.
Rxg6+ Kxg6 47. Rxa5 Rc3 48. a4 Rb3 49. Rg5+ Kf6 50. a5 Ra3 51. Rb5 Kf7 52. Kh3
Ra4 53. Rb7+ Kg6 54. Rb6+ Kg7 55. a6 h5 56. Kg2 Ra3 57. Rb7+ Kg6 58. a7 Kf6 59.
Kf2 Kg6 60. Ke2 Kf5 61. Kd2 Ke4 62. Kc2 Kd4 63. Kb2 Ra5 64. Kb3 Ra1 65. Rb4+
1-0

[Event "Elit(Manhem-Wasa)"]
[Site "?"]
[Date "2008.03.08"]
[Round "10"]
[White "von Bahr, Oskar"]
[Black "Sagit, Rauan"]
[Result "0-1"]
[WhiteElo "2388"]
[BlackElo "2344"]
[PlyCount "100"]

1. e4 c5 2. Nf3 d6 3. d4 cxd4 4. Nxd4 Nf6 5. Nc3 a6 6. Be3 e5 7. Nf3 h6 8. Bc4
Be6 9. Bb3 Nbd7 10. O-O Rc8 11. Qd3 Be7 12. Nh4 Nc5 13. Bxc5 Rxc5 14. Rad1 Bxb3
15. cxb3 g6 16. b4 Rc8 17. Nf3 Qb6 18. a3 O-O 19. Ne1 a5 20. b5 Rfd8 21. Nc2
Rxc3 22. bxc3 d5 23. exd5 Rxd5 24. Qh3 Rc5 25. a4 h5 26. Ne3 Rxc3 27. Rc1 Rc5
28. Rxc5 Qxc5 29. Qf3 e4 30. Qf4 Kg7 31. Qb8 Bd6 32. Qxb7 Bf4 33. Qc6 Bxe3 34.
fxe3 Qxe3+ 35. Kh1 Ng4 36. Qc2 Qd4 37. Qa2 f6 38. h3 Ne3 39. Rb1 Nf5 40. Qe6 e3
41. b6 e2 42. b7 Qd1+ 43. Rxd1 exd1=Q+ 44. Kh2 Qd8 45. Qc8 Qd6+ 46. Kh1 Ng3+
47. Kg1 Qd4+ 48. Kh2 Ne2 49. Qc7+ Kh6 50. h4 Qxh4# 0-1

[Event "Elit(Manhem-Wasa)"]
[Site "?"]
[Date "2008.03.08"]
[Round "10"]
[White "Carlhammar, Magnus"]
[Black "Astrom, Goran"]
[Result "0-1"]
[WhiteElo "2356"]
[BlackElo "2266"]
[PlyCount "90"]

1. Nf3 c5 2. g3 b6 3. Bg2 Bb7 4. O-O Nf6 5. c4 e6 6. Nc3 Be7 7. Re1 Ne4 8. Nxe4
Bxe4 9. d3 Bb7 10. e4 O-O 11. d4 cxd4 12. Nxd4 d6 13. Be3 Nd7 14. f4 Nc5 15.
Bf2 Re8 16. Rc1 Bf8 17. b4 Nd7 18. a3 a6 19. Nc2 Rc8 20. Ne3 Rc7 21. Qd4 Qa8
22. g4 Rec8 23. g5 b5 24. Bg3 a5 25. f5 e5 26. Qd2 axb4 27. axb4 bxc4 28. Ra1
Qb8 29. Rec1 c3 30. Qa2 g6 31. Qb3 Bc6 32. Rab1 Qb7 33. Rxc3 Bxe4 34. Rxc7 Rxc7
35. Nd5 Bxg2 36. Nxc7 Be4 37. Rc1 Bxf5 38. Ne8 Bh3 39. Qb2 Bf5 40. Rd1 Be6 41.
Nxd6 Qb6+ 42. Bf2 Qc6 43. Ne8 Qf3 44. Rxd7 Bh3 45. Nf6+ Kh8 0-1

[Event "Elit(Manhem-Wasa)"]
[Site "?"]
[Date "2008.03.08"]
[Round "10"]
[White "Genkin, Michael"]
[Black "Schneider, Lars-Ake"]
[Result "1/2-1/2"]
[WhiteElo "2339"]
[BlackElo "2336"]
[PlyCount "34"]

1. d4 Nf6 2. c4 e6 3. Nc3 Bb4 4. e3 c5 5. Bd3 O-O 6. Nge2 d5 7. cxd5 cxd4 8.
Nxd4 Nxd5 9. O-O Nxc3 10. bxc3 Be7 11. c4 Nd7 12. Bb2 Nc5 13. Bc2 e5 14. Qh5 e4
15. Rfd1 Qb6 16. Rab1 f5 17. Nb3 Nxb3 1/2-1/2

[Event "Elit(Manhem-Wasa)"]
[Site "?"]
[Date "2008.03.08"]
[Round "10"]
[White "Akesson, Joel"]
[Black "Collett, Peter"]
[Result "1-0"]
[WhiteElo "2351"]
[BlackElo "2262"]
[PlyCount "55"]

1. d4 Nf6 2. Bg5 e6 3. e4 h6 4. Bxf6 Qxf6 5. c3 d5 6. e5 Qd8 7. Nf3 c5 8. dxc5
Bxc5 9. Bd3 Nc6 10. O-O O-O 11. Nbd2 Bb6 12. Qe2 f5 13. Nb3 Bd7 14. c4 dxc4 15.
Bxc4 Qe7 16. Rad1 Rad8 17. Rd2 Bc8 18. Rfd1 Rxd2 19. Rxd2 Rd8 20. h4 Rxd2 21.
Qxd2 Nd8 22. Nbd4 Nf7 23. h5 Kh7 24. Qc3 Bd7 25. Bb3 Bxd4 26. Nxd4 Nxe5 27.
Nxe6 Qf6 28. Qxe5 1-0

[Event "Elit(Manhem-Wasa)"]
[Site "?"]
[Date "2008.03.08"]
[Round "10"]
[White "Nordstrom, Felix"]
[Black "Vas, Peter"]
[Result "0-1"]
[WhiteElo "2215"]
[BlackElo "2209"]
[PlyCount "154"]

1. d4 d5 2. c4 e6 3. Nc3 c6 4. e3 Nf6 5. Nf3 Nbd7 6. Qc2 Bd6 7. b3 O-O 8. Be2
Qe7 9. O-O dxc4 10. bxc4 e5 11. Bb2 e4 12. Nd2 Re8 13. Rfe1 Nf8 14. f3 exf3 15.
Bxf3 Ng4 16. Nf1 Qg5 17. e4 Bf4 18. Qd3 Rd8 19. Ne2 Be3+ 20. Nxe3 Ne5 21. Qb3
Nxf3+ 22. Kh1 Nxe1 23. Rxe1 Re8 24. Ng3 h5 25. e5 h4 26. Ne4 Qg6 27. Nd6 Rd8
28. Rf1 Rxd6 29. exd6 Qxd6 30. h3 Nh7 31. d5 Ng5 32. Qc3 f6 33. Qd3 Kf7 34. Nf5
Bxf5 35. Qxf5 Kg8 36. Bc1 Nf7 37. Bf4 Ne5 38. dxc6 bxc6 39. Bxe5 Qxe5 40. Qd7
Qe8 41. Qd4 Qe2 42. Rb1 Qxa2 43. Rb7 Re8 44. Kh2 Qe2 45. Qxh4 Qe5+ 46. Kg1 Qe1+
47. Qxe1 Rxe1+ 48. Kf2 Rc1 49. Rxa7 Rxc4 50. Rc7 Rc3 51. h4 Kh7 52. g4 Kg6 53.
Kg2 c5 54. Kf2 Kh6 55. Kg2 c4 56. Kf2 Rc1 57. Kg2 c3 58. Kf2 c2 59. Kg2 Kh7 60.
Rc8 Kh6 61. Rc7 Kg6 62. h5+ Kh6 63. Kh2 g6 64. hxg6 Kxg6 65. Rc5 Kf7 66. Kg2
Ke6 67. Kh2 Kd6 68. Rc8 Ke5 69. Rc4 Kd5 70. Rc8 Ke4 71. Rc4+ Kf3 72. Rc3+ Kxg4
73. Kg2 f5 74. Rc5 f4 75. Rc4 Kf5 76. Rc8 f3+ 77. Kf2 Rh1 0-1

[Event "Elit(Manhem-Wasa)"]
[Site "?"]
[Date "2008.03.08"]
[Round "10"]
[White "Andersson, Bjorn"]
[Black "Berkell, Peder"]
[Result "1/2-1/2"]
[WhiteElo "2334"]
[BlackElo "2217"]
[PlyCount "57"]

1. e4 g6 2. d4 Bg7 3. Nc3 d6 4. Nf3 a6 5. a4 b6 6. Bc4 e6 7. O-O Ne7 8. Be3 Nd7
9. Qd2 h6 10. Ne2 d5 11. Bd3 Nf6 12. Ng3 Bb7 13. e5 Ne4 14. Qd1 c5 15. c3 cxd4
16. cxd4 Nxg3 17. hxg3 O-O 18. g4 Nc6 19. Qd2 Kh7 20. b4 a5 21. b5 Nb4 22. Be2
Rc8 23. Rfc1 Qd7 24. g5 h5 25. Ne1 Rxc1 26. Rxc1 Rc8 27. Nd3 Nxd3 28. Bxd3 Bf8
29. Rxc8 1/2-1/2

[Event "Elit(Vasteras-LASK)"]
[Site "?"]
[Date "2008.03.08"]
[Round "10"]
[White "Tikkanen, Hans"]
[Black "Eriksson, Anders"]
[Result "1/2-1/2"]
[WhiteElo "2497"]
[BlackElo "2380"]
[PlyCount "105"]
[SourceDate "2008.03.12"]

1. d4 Nf6 2. c4 e6 3. Nc3 Bb4 4. Nf3 c5 5. g3 cxd4 6. Nxd4 Ne4 7. Qd3 Nxc3 8.
bxc3 Be7 9. Nb5 Nc6 10. Nd6+ Bxd6 11. Qxd6 Qa5 12. Bb2 Qe5 13. O-O-O Qxd6 14.
Rxd6 Na5 15. c5 Nc4 16. Rd4 Nxb2 17. Bg2 Rb8 18. Kxb2 b6 19. c6 dxc6 20. Rhd1
Ke7 21. Rd6 Rb7 22. Bxc6 Rc7 23. f4 h6 24. e4 f6 25. Kb3 g5 26. Bb5 gxf4 27.
gxf4 Rg8 28. h3 Rg3 29. R6d3 Rxd3 30. Bxd3 Rd7 31. Kc2 Kf8 32. Rg1 Rg7 33. Rxg7
Kxg7 34. e5 fxe5 35. fxe5 Kf7 36. c4 Bb7 37. Kc3 Ke7 38. Kb4 Kd7 39. Kb5 Kc7
40. Bc2 Bg2 41. h4 Kb7 42. Kb4 a5+ 43. Kc3 Kc6 44. Kd4 b5 45. c5 Bd5 46. a3 Kc7
47. Bd3 Kc6 48. Bg6 Kd7 49. Bc2 Kc7 50. Bd1 Kc6 51. Bh5 Kd7 52. Be2 Kc6 53. Bh5
1/2-1/2

[Event "Elit(Vasteras-LASK)"]
[Site "?"]
[Date "2008.03.08"]
[Round "10"]
[White "Akesson, Ralf"]
[Black "Lund, Esben"]
[Result "1/2-1/2"]
[WhiteElo "2537"]
[BlackElo "2474"]
[PlyCount "30"]

1. d4 d5 2. c4 c6 3. Nf3 Nf6 4. e3 e6 5. Bd3 Nbd7 6. O-O Bd6 7. Nbd2 O-O 8. e4
Nxe4 9. Nxe4 dxe4 10. Bxe4 h6 11. c5 Bc7 12. Bc2 e5 13. Qd3 f5 14. Qc4+ Kh8 15.
dxe5 Nxe5 1/2-1/2